Základné zariadenia v závodoch pre spracovanie ropy a uhľovodíkových plynov
Saved in:
| Main Author: | |
|---|---|
| Format: | Book |
| Language: | Slovak |
| Published: |
Bratislava
Slovenské vydavateľstvo technickej literatúry
1962
|
| Series: | Dočasné vysokoškolské učebnice
zv. 569 |
| Online Access: | View in OPAC |
| Tags: |
No Tags, Be the first to tag this record!
|
MARC
| LEADER | 00000nam a2200000 a 4500 | ||
|---|---|---|---|
| 005 | 20260127133925.0 | ||
| 008 | 180126s1962 xo 0 slo c | ||
| 035 | |a vtls001403291 | ||
| 035 | |a SNK000357841 | ||
| 039 | 9 | |a 201801261504 |b VLOAD |c 201411061633 |d VLOAD |c 201306070444 |d VLOAD |c 201002220943 |d mschk03 |y 200412290445 |z VLOAD | |
| 040 | |a SNK |b slo |c SNK |d STUSCHK1 |e AACR2 | ||
| 041 | 0 | |a slo | |
| 044 | |a xo |c SK | ||
| 100 | 1 | |a Michel, Zdeněk | |
| 245 | 1 | |a Základné zariadenia v závodoch pre spracovanie ropy a uhľovodíkových plynov |c Zdeněk Michel | |
| 260 | |a Bratislava |b Slovenské vydavateľstvo technickej literatúry |c 1962 | ||
| 300 | |a 435 s. |c 28 cm | ||
| 490 | 0 | |a Dočasné vysokoškolské učebnice |v zv. 569 | |
| 760 | 1 | |t Dočasné vysokoškolské učebnice | |
| 910 | |a SCHK95 | ||
| 999 | |c 134 |d 134 | ||